Normal view
MARC view
- Supervised by Maj Dr. Adnan Rashdi
Entry Personal Name
001 - CONTROL NUMBER
- control field: 131999
003 - CONTROL NUMBER IDENTIFIER
- control field: NUST
005 - DATE AND TIME OF LATEST TRANSACTION
- control field: 20251121182954.0
008 - FIXED-LENGTH DATA ELEMENTS
- fixed length control field: 251121|| aca||aabn | a|a d
040 ## - CATALOGING SOURCE
- Original cataloging agency: NUST
- Transcribing agency: NUST
100 ## - HEADING--PERSONAL NAME
- Personal name: Supervised by Maj Dr. Adnan Rashdi
670 ## - SOURCE DATA FOUND
- Source citation: Work cat.: (NUST)184066: Khayam , NC Muhammad (TCC-17) 131998, Generation of multiclass optical orthogonal codes & simulation of optical CDMA system /, August 2009
